000 00430nam a22001577a 4500
005 20231121133042.0
008 231121b |||||||| |||| 00| 0 eng d
041 _aEnglish
082 _a342.8 AFR
100 _lEnglish
245 _aAfrican Charter on the Rights and Welfare of the Child
260 _c2011
300 _b20 pages ;
_c22 cm.
650 _aLegal practice
_bLaw
942 _cBK
_6ALISON_BN_VRIES
999 _c846
_d846